SHIKSHA OUR VIKASH SHIKSHA MAIN VIKASH (Record no. 27202)
[ view plain ]
| 000 -LEADER | |
|---|---|
| fixed length control field | 00304nam a22001337a 4500 |
| 003 - CONTROL NUMBER IDENTIFIER | |
| control field | SGT |
| 020 ## - INTERNATIONAL STANDARD BOOK NUMBER | |
| International Standard Book Number | 9789393322937 |
| 082 ## - DEWEY DECIMAL CLASSIFICATION NUMBER | |
| Classification number | 370,YAD |
| 100 ## - MAIN ENTRY--PERSONAL NAME | |
| Personal name | YADAV, AWADHESH |
| 245 ## - TITLE STATEMENT | |
| Title | SHIKSHA OUR VIKASH SHIKSHA MAIN VIKASH |
| 260 ## - PUBLICATION, DISTRIBUTION, ETC. (IMPRINT) | |
| Place of publication, distribution, etc | NEW DELHI |
| Name of publisher, distributor, etc | KANISHKA PUB. |
| Year of Publication | 2025 |
| 490 ## - SERIES STATEMENT | |
| Series statement | 212 |
| 942 ## - ADDED ENTRY ELEMENTS (KOHA) | |
| Source of classification or shelving scheme | Dewey Decimal Classification |
| Koha item type | Books |
| Withdrawn status | Lost status | Source of classification or shelving scheme | Damaged status | Not for loan | Collection code | Home library | Current library | Shelving location | Date acquired | Vendor Name | Cost, normal purchase price | SGTU | Bill Number | Full call number | Accession No. (Barcode) | Date last seen | Bill Date | Koha item type |
|---|---|---|---|---|---|---|---|---|---|---|---|---|---|---|---|---|---|---|
| Dewey Decimal Classification | Not For Loan | EDUCATION | SGT Engineering Library | SGT Engineering Library | Reference Book | 24/10/2024 | SGT FACULTY PUBLICATIONS | 750.00 | SGTU | SGT FACULTY PUBLICATIONS | 370,YAD | ED5371 | 24/10/2024 | 24/10/2024 | Books |